000 00313nam a2200133Ia 4500
008 240624s9999 xx 000 0 und d
041 _aeng
082 _a330 SAM
100 _aSAMUELSON PAUL A
245 _aECONOMICS
250 _a(17th ed.)
260 _c1981
_aNew Delhi
_bTata McGrawhill
300 _axxiv, : 792
999 _c4879
_d4879